000 01086nam a2200397 a 4500
003 AR-BaBNM
005 20251128210310.0
008 082120s2002 ||||||||||||||000 | spa||
020 _a950-701-485-3
040 _cAR-BaBNM
245 0 0 _aDesarrollo y aprendizaje
250 _a1ª ed.
260 _aBuenos Aires
_bAique
_c1998
300 _a175 p.
490 0 _aPsicología cognitiva y educación
504 _aContiene bibliografía p. 155-175
600 1 4 _aPiaget, Jean
600 1 4 _aVigotsky, Liev Semionovich
650 4 _aDESARROLLO INTELECTUAL
650 4 _aDESARROLLO COGNOSCITIVO
650 4 _aPROCESO COGNOSCITIVO
650 4 _aTEORIAS DEL APRENDIZAJE
650 4 _aPSICOLOGIA DE LA EDUCACION
650 4 _aPSICOLOGIA GENETICA
653 _aCONSTRUCTIVISMO
653 _aCOGNITIVISMO
653 _aLECTOESCRITURA
700 1 _aCarretero, Mario
_ecompilador
700 1 _aCase, Robbie
700 1 _aDoise, Willem
700 1 _aFerreiro, Emilia
700 1 _aGilly, Michel
700 1 _aWertsch, James V.
942 _cBK
998 _cRaquel
999 _c14849
_d14849